हिरवी कुरणे, काळी छाया / (Record no. 1475475)
[ view plain ]
| 000 -LEADER | |
|---|---|
| fixed length control field | 01344nam a2200325 a 4500 |
| 001 - CONTROL NUMBER | |
| control field | vtls002058431 |
| 003 - CONTROL NUMBER IDENTIFIER | |
| control field | NLI |
| 005 - DATE AND TIME OF LATEST TRANSACTION | |
| control field | 20210701062059.0 |
| 008 - FIXED-LENGTH DATA ELEMENTS--GENERAL INFORMATION | |
| fixed length control field | 191206|2018 ii 000 0 mar d |
| 020 ## - INTERNATIONAL STANDARD BOOK NUMBER | |
| Terms of availability | Rs.240.00 |
| 039 #9 - LEVEL OF BIBLIOGRAPHIC CONTROL AND CODING DETAIL [OBSOLETE] | |
| Level of rules in bibliographic description | 201912311213 |
| Level of effort used to assign nonsubject heading access points | prafullm |
| -- | 201912061842 |
| -- | padmad |
| 040 ## - CATALOGING SOURCE | |
| Original cataloging agency | NLI |
| Language of cataloging | mar |
| Transcribing agency | AACR2 |
| 041 ## - LANGUAGE CODE | |
| Language code of text/sound track or separate title | mar |
| 082 04 - DEWEY DECIMAL CLASSIFICATION NUMBER | |
| Classification number | 508.3 |
| Edition number | 23 |
| 100 1# - MAIN ENTRY--PERSONAL NAME | |
| Linkage | 880-01 |
| Personal name | कारंजकर, प्रतिभा वासुदेव |
| 9 (RLIN) | 678675 |
| 245 10 - TITLE STATEMENT | |
| Linkage | 880-02 |
| Title | हिरवी कुरणे, काळी छाया / |
| Statement of responsibility, etc. | प्रतिभा वासुदेव कारंजकर |
| 260 ## - PUBLICATION, DISTRIBUTION, ETC. | |
| Place of publication, distribution, etc. | गोवा : |
| Name of publisher, distributor, etc. | वासुदेव नरहरी कारंजकर , |
| Date of publication, distribution, etc. | 2018. |
| 300 ## - PHYSICAL DESCRIPTION | |
| Extent | 148p.: |
| Other physical details | illus.; |
| Dimensions | 21.5cm. |
| 650 #0 - SUBJECT ADDED ENTRY--TOPICAL TERM | |
| Topical term or geographic name entry element | Natural history |
| 9 (RLIN) | 683264 |
| 880 1# - ALTERNATE GRAPHIC REPRESENTATION | |
| Linkage | 100-01/ (B |
| a | Kāran̄jakara, Pratibhā Vāsudeva |
| 880 10 - ALTERNATE GRAPHIC REPRESENTATION | |
| Linkage | 245-02/ (B |
| a | Hiravī kuraṇe, kāḷī chāyā / |
| c | Pratibhā Vāsudeva Kāran̄jakara |
| 887 ## - NON-MARC INFORMATION FIELD | |
| Content of non-MARC field | padmad Prafullm1 |
| 901 ## - LOCAL DATA ELEMENT A, LDA (RLIN) | |
| a | Mar 56834 |
| b | dated 28/8/2019 |
| 902 ## - LOCAL DATA ELEMENT B, LDB (RLIN) | |
| a | Mar 508.3 K 625 hkkc |
| 904 ## - LOCAL DATA ELEMENT D, LDD (RLIN) | |
| a | padmad |
| 905 ## - LOCAL DATA ELEMENT E, LDE (RLIN) | |
| a | Prafullm1 |
| 949 ## - LOCAL PROCESSING INFORMATION (OCLC) | |
| -- | VIRTUAITEM |
| -- | 10023 |
| -- | 100 |
| 6 | DBA000056834MAR |
| a | Mar 508.3 K 625 hkkc |
| e | Mar 56834 |
| 942 ## - ADDED ENTRY ELEMENTS (KOHA) | |
| Source of classification or shelving scheme | Dewey Decimal Classification |
| Koha item type | Books |
| Withdrawn status | Lost status | Damaged status | Not for loan | Collection code | Home library | Current library | Shelving location | Date acquired | Total Checkouts | Full call number | Barcode | Date last seen | Price effective from | Koha item type |
|---|---|---|---|---|---|---|---|---|---|---|---|---|---|---|
| Marathi | National Library of India | National Library of India | Mar 508.3 K 625 hkkc | DBA000056834MAR | 01/07/2021 | 01/07/2021 | Books |
